| 000 | 01046nam a2200217 i 4500 | ||
|---|---|---|---|
| 001 | 155638 | ||
| 003 | ES-MaACL | ||
| 005 | 20251002204103.0 | ||
| 008 | 990701s1892 gw ab |||| | lat d | ||
| 245 | 0 | 0 |
_aInscriptionum hispaniae latinorum _b: supplementum / _cedidit Aemilius Hübner. |
| 260 |
_aBerolini : _bApud Gregorium Reimerum, _c1892 ( _e[Lipsiae] : _fTypis expresserunt Breitkopf et Haertel Lipsienses) |
||
| 300 |
_aCV, p. 49-1224, III h. de map. pleg. ; _c40 cm. |
||
| 490 | 1 |
_aCorpus inscriptionum latinarum / consilio et auctoritate Academiae Litterarum Regiae Borussicae editum ; _v2 supl. |
|
| 597 | _aTexto a dos col. | ||
| 599 | _aLas h. de map. : "C.L. Ohmann lith." y "C.L. Keller impr." | ||
| 650 | 0 | 4 |
_aInscripciones latinas- _zEspaña. _913821 |
| 700 | 1 |
_aHübner, Emil, _d1834-1901 _9128127 |
|
| 830 | 0 |
_aCorpus inscriptionum latinarum / consilio et auctoritate Academiae Litterarum Regiae Borussicae editum ; _v2 supl. _9221585 |
|
| 852 |
_aES-MaACL _jB-254 _z- Enc. hol. deteriorada |
||
| 999 |
_c155638 _d155638 |
||